000 01467nam a22003737a 4500
003 CHAP
005 20220817044148.0
008 070426d2005 mx r 00110 spa d
010 _a93561
011 _a94533
035 _a105125
040 _cCHAP
090 _aFolleto 17212
110 2 _aInstituto Nacional de Estadística, Geografía e Informática. México
_959304
245 1 4 _aEl papel del INEGI en los Sistemas Nacionales Estadístico y de Información Geográfica
_c/por Instituto Nacional de Estadística, Geografía e Informática
260 _aAguascalientes, Ags. :
_bInstituto Nacional de Estadística, Geografía e Informática
_cc.2005
300 _a1 hoja suelta :
_bdiag.
410 2 1 _aINEGI
490 0 _aSistemas Nacionales Estadístico y de Información Geográfica
_v; 2
590 _aBATCH-UPD
_b10
_c20130110
_lUCH01
_h0753
590 _aBATCH-UPD
_b10
_c20130410
_lUCH01
_h0433
590 _aBATCH-UPD
_b10
_c20130914
_lUCH01
_h1638
590 _aCONVERSION
_b10
_c20130109
_lUCH01
_h1352
650 1 4 _aServicios de información.
_9105330
650 1 4 _aSistemas de Información Geográfica.
650 1 4 _aSistemas de información.
_9106760
810 0 0 _aINEGI
_958045
830 0 _aSistemas Nacionales Estadístico y de Información Geográfica
_v; 2
_9106774
901 _aBK
905 _aMarco A. Mendoza T.
911 _aCustodia
942 _cFOLL
949 _aFolleto 17212
_bBC
_cFOLL
_d33724002030678
_eTS1
_gDonaciØn
_i105125
_sb
999 _c93561
_d93561